|
|
|
|
| LEADER |
01431nam a22003494a 4500 |
| 001 |
41238 |
| 003 |
BD-DhAAL |
| 008 |
230523t2006 bg b 000 0 eng d |
| 020 |
|
|
|a 9848516107
|
| 025 |
|
|
|a B-E-2009-341206; 24
|
| 037 |
|
|
|b Library of Congress -- New Delhi Overseas Office
|c Tk140.00 ($7.00)
|
| 040 |
|
|
|a DLC
|c DLC
|d DLC
|d BD-DhAAL
|
| 042 |
|
|
|a lcode
|
| 043 |
|
|
|a az-----
|
| 050 |
0 |
0 |
|a KNC585
|b .C48 2005
|
| 082 |
|
|
|a 342.070954
|2 23
|
| 100 |
1 |
|
|a Chowdhury, J. A.
|9 54324
|
| 245 |
1 |
0 |
|a Election codes of conduct in South Asia =
|b দক্ষিণ এশিয়ার নির্বাচনী আচরণ বিধিমালা /
|c Jafar Ahmed Chowdhury.
|
| 246 |
3 |
1 |
|a Dakshiṇ Esiyar nirbacani acaraṇa bidhimala
|
| 250 |
|
|
|a Third edition.
|
| 260 |
|
|
|a Dhaka :
|b Botomul,
|c 2006.
|
| 300 |
|
|
|a vi, 143 pages ;
|c 22 cm.
|
| 504 |
|
|
|a Includes bibliographical references (pages 141-143).
|
| 541 |
|
|
|a Donated By Akbar Ali Khan
|e 41238
|
| 650 |
|
0 |
|a Election law
|z South Asia.
|9 54325
|
| 650 |
|
0 |
|a Elections
|x Corrupt practices
|z South Asia.
|9 54326
|
| 650 |
|
0 |
|a Political ethics
|z South Asia.
|9 54327
|
| 650 |
|
0 |
|a Law.
|
| 852 |
|
|
|a Ayesha Abed Library
|c Akbar Ali Khan Collection
|
| 942 |
|
|
|2 ddc
|c BK
|
| 999 |
|
|
|c 45798
|d 45798
|
| 952 |
|
|
|0 0
|1 0
|2 ddc
|4 0
|6 342_070954000000000_CHO
|7 1
|9 73679
|a BRACUL
|b BRACUL
|c AAKC
|d 2023-05-23
|e Donated By Akbar Ali Khan
|l 0
|o 342.070954 CHO
|p 3010041238
|r 2023-05-23
|t 1
|w 0000-00-00
|y BK
|